000 00523nam a2200193Ia 4500
005 20230131133641.0
008 131103s9999 xx 000 0 und d
040 _aLoreto College
041 _aEnglish
082 _a954.01
_bPIG
100 _aPiggott,Stuart
245 _aPrehistoric India
_b to 1000 B.C.
_cStuart Piggott
260 _aHarmondsworth
_bPenguin Books
_c1950
300 _a293 p.
_b plates,fig.,tables
504 _aIncludes index
650 _aHistory - Ancient India
850 _aLCLIB
942 _cBK
999 _c9310
_d59789